Statystyki dla JAKA TO CZESC CIAŁA (DLA KOLEGI IGNACEGO)

Kliknij tutaj aby rozwiązać quiz!

Ogólne statystyki

  • Ten quiz został rozwiązany 1 220 razy
  • Średni wynik to 15 z 15

Statystyki odpowiedzi

Odpowiedź% Poprawnych
Nos
100%
Ucho
100%
Dłoń
99%
Kolano
99%
Łokieć
99%
Noga
99%
Oko
99%
Plecy
99%
Ręka
99%
Stopa
99%
Usta
99%
Głowa
98%
Pępek
98%
Twarz
98%
Szyja
97%

Rozkład punktacji

Percentyl według liczby udzielonych odpowiedzi

Procent ludzi z każdym wynikiem

Twoja historia wyników

Nie rozwiązałeś tego quizu